Score 0/17 Timer 02:00
0 Plays Today
Important Things % Correct
Chairs
73%
Games
49.2%
Power
45.9%
Brains
45.9%
Timing
44.3%
Coolness
33.6%
2
33.6%
Safety
29.5%
2 Too
26.2%
Important Things % Correct
Attention
25.4%
Money
19.7%
Lines
18.9%
Space
16.4%
Strategy
14.8%
Nature
14.8%
Ability
13.9%
Control
4.9%
Come Together.
Have Fun.
All Virtual.
We all need to come together. Play Sporcle's virtual live trivia to have fun, connect with people, and get your trivia on. Join a live hosted trivia game for your favorite pub trivia experience done virtually. If a virtual private party is more your thing, go here for details.

You're not logged in!

Compare scores with friends on all Sporcle quizzes.
OR
Log In

Sporcle TV

Today on Sporcle TV


Watch our educational content, quiz creation guides, and fun videos on Sporcle TV.

Show Comments

Extras

Top Quizzes Today


Score Distribution

Paid Content

Your Account Isn't Verified!

In order to create a playlist on Sporcle, you need to verify the email address you used during registration. Go to your Sporcle Settings to finish the process.

Report this User

Report this user for behavior that violates our Community Guidelines.

Details: